000 00483nam a22001812 4500
001 0000003076
005 20170406114729.0
008 140506s xx 000 0 eng d
020 _c$
040 _aYour Holding Symbol
_cYour Holding Symbol
100 1 _aMushumbi Paul.
245 1 0 _aShoko harivhikwi.
250 _a ed.
260 _aHarare :
_bZPH Publishers,
_c2013.
300 _a96 p. ;
_c cm.
650 0 _ashona nhetembo.
908 _a140506
999 _c2955
_d2955